| 000 | 00680nam a2200205 a 4500 | ||
|---|---|---|---|
| 005 | 20220923063840.0 | ||
| 008 | 041014s2001 es r 000 0 spa d | ||
| 020 | _a8479530960 | ||
| 035 | _aUPN01000135709 | ||
| 049 | _aCG | ||
| 050 | 4 |
_aBF637 N4.6 _bO2.5 |
|
| 100 | 1 | _aO'Connor, Joseph | |
| 245 | 1 | 0 |
_aIntroducción a la programación neurolingüística / _cJoseph O'Connor, John Seymour ; tr. Eduardo Rodríguez Pérez. |
| 260 |
_aBarcelona, Esp. : _bUrano, _c[2001]. |
||
| 300 | _a348 p. | ||
| 534 |
_pTraducción de: _tIntroducing neuro-linguistic programming |
||
| 650 | 0 |
_aProgramación neurolingüística _95397 |
|
| 700 | 1 |
_aSeymour, John, _ecoaut. |
|
| 905 | _aLibro | ||
| 999 |
_c107860 _d107860 |
||